[Event "Reykjavik Congress"]
[Site "Reykjavik"]
[Date "2020.01.15"]
[Round "4"]
[White "Einarsson, Oskar Long"]
[Black "Baldursson, Haraldur"]
[Result "0-1"]
[WhiteElo "1687"]
[BlackElo "1902"]
[PlyCount "60"]
[EventDate "2020.01.05"]
[EventType "swiss"]
[EventRounds "9"]
[EventCountry "ISL"]
[SourceTitle "CBM 194 Extra"]
[Source "ChessBase"]
[SourceDate "2020.03.31"]
[SourceVersion "1"]
[SourceVersionDate "2020.03.31"]
[SourceQuality "1"]

1. e4 c5 2. Nf3 d6 3. d4 cxd4 4. Nxd4 Nf6 5. Nc3 a6 6. Be2 e6 7. 0-0 Be7 8. Be3 Qc7 9. Qd2 Nbd7 10. Rad1 Ne5 11. Rfe1 b5 12. a3 0-0 13. Bg5 Bb7 14. Bf1 Nc4 15. Bxc4 bxc4 16. f4 h6 17. Bxf6 Bxf6 18. Nf3 Qb6+ 19. Qe3 Qxb2 20. e5 Bxf3 21. exf6 Bxd1 22. Qg3 g6 23. Rxd1 Qxc2 24. Rxd6 Rfd8 25. Qf3 Rab8 26. Rxa6 Rd3 27. Qg4 Qxc3 28. h4 Qxf6 29. f5 Rb1+ 30. Kh2 Qe5+ 0-1

[Event "Reykjavik Congress"]
[Site "Reykjavik"]
[Date "2020.01.08"]
[Round "2"]
[White "Einarsson, Oskar Long"]
[Black "Skarphedinsson, Ingvar Wu"]
[Result "1-0"]
[WhiteElo "1687"]
[BlackElo "1484"]
[PlyCount "92"]
[EventDate "2020.01.05"]
[EventType "swiss"]
[EventRounds "9"]
[EventCountry "ISL"]
[SourceTitle "CBM 194 Extra"]
[Source "ChessBase"]
[SourceDate "2020.03.31"]
[SourceVersion "1"]
[SourceVersionDate "2020.03.31"]
[SourceQuality "1"]

1. e4 e5 2. Nf3 Nc6 3. Bb5 a6 4. Ba4 Nf6 5. d3 b5 6. Bb3 h6 7. c3 Be7 8. h3 0-0 9. 0-0 d6 10. Re1 Re8 11. Nbd2 Bf8 12. Nf1 Ne7 13. d4 exd4 14. cxd4 Ng6 15. Ng3 Bb7 16. Qd3 d5 17. e5 Nd7 18. e6 Nb6 19. exf7+ Kxf7 20. Rxe8 Qxe8 21. Qf5+ Kg8 22. Bc2 Ne7 23. Qh7+ Kf7 24. Bxh6 Kf6 25. Bxg7+ Ke6 26. Qh6+ Kd7 27. Ne5+ Kc8 28. Bxf8 Nc6 29. Bf5+ Kb8 30. Bg6 Qe6 31. Nxc6+ Qxc6 32. Re1 Qd7 33. Bf5 Qd8 34. Qg7 Nc4 35. b3 Nd6 36. Bd3 Ne8 37. Qe5 Nd6 38. Be7 Qd7 39. Bf5 Nxf5 40. Nxf5 Bc8 41. f4 Ra7 42. Bc5 Rb7 43. Ne7 Ka8 44. Nxd5 Qf7 45. Be7 Qg8 46. Nxc7+ Rxc7 1-0

[Event "Akureyri Icelandic op"]
[Site "Akureyri"]
[Date "2019.05.31"]
[Round "8"]
[White "Einarsson, Oskar Long"]
[Black "Arnalds, Stefan"]
[Result "0-1"]
[WhiteElo "1696"]
[BlackElo "1936"]
[PlyCount "116"]
[EventDate "2019.05.25"]
[EventType "swiss"]
[EventRounds "9"]
[EventCountry "ISL"]
[SourceTitle "CBM 190 Extra"]
[Source "ChessBase"]
[SourceDate "2019.07.15"]
[SourceVersion "1"]
[SourceVersionDate "2019.07.15"]
[SourceQuality "1"]

1. e4 d5 2. exd5 Qxd5 3. Nc3 Qd8 4. d4 Nf6 5. Nf3 e6 6. Bd3 Nc6 7. 0-0 Be7 8. h3 0-0 9. a3 b6 10. Be3 Bb7 11. Re1 Re8 12. Qe2 Rc8 13. Rad1 Nb8 14. Nb5 c6 15. Nc3 Nbd7 16. Rd2 Nd5 17. Ne4 Nxe3 18. fxe3 g6 19. Rf1 f5 20. Nc3 Qc7 21. e4 Bf6 22. e5 Bg7 23. Qe3 a6 24. Ne2 c5 25. c3 c4 26. Bc2 b5 27. a4 Nb6 28. axb5 Nd5 29. Qg5 axb5 30. Nf4 Nxf4 31. Qxf4 b4 32. Ba4 Re7 33. cxb4 Qb6 34. Qh4 Rcc7 35. Qe1 Qxb4 36. Bd1 Qb6 37. Qe3 Rcd7 38. Be2 Rc7 39. Rc1 Bd5 40. Kh1 Re8 41. Ne1 Rb8 42. Rdc2 Be4 43. Rxc4 Bxe5 44. Rxc7 Bxc7 45. Bc4 Qd6 46. Nf3 Rxb2 47. Bxe6+ Qxe6 48. Rxc7 Rb1+ 49. Rc1 Rxc1+ 50. Qxc1 Bxf3 51. gxf3 Qd6 52. Qc4+ Kg7 53. Kg2 Qe7 54. d5 Qg5+ 55. Kf1 Qg3 56. Qd4+ Kf7 57. d6 Qxf3+ 58. Ke1 Qh1+ 0-1

[Event "Akureyri Icelandic op"]
[Site "Akureyri"]
[Date "2019.05.30"]
[Round "7"]
[White "Stefansson, Benedikt"]
[Black "Einarsson, Oskar Long"]
[Result "0-1"]
[WhiteElo "1423"]
[BlackElo "1696"]
[PlyCount "70"]
[EventDate "2019.05.25"]
[EventType "swiss"]
[EventRounds "9"]
[EventCountry "ISL"]
[SourceTitle "CBM 190 Extra"]
[Source "ChessBase"]
[SourceDate "2019.07.15"]
[SourceVersion "1"]
[SourceVersionDate "2019.07.15"]
[SourceQuality "1"]

1. e4 d6 2. d4 Nf6 3. Nc3 g6 4. Nf3 Bg7 5. Bc4 0-0 6. 0-0 c6 7. Re1 d5 8. exd5 cxd5 9. Bb3 b6 10. Bf4 Bb7 11. Qe2 Nc6 12. Rad1 Re8 13. Ne5 Rc8 14. Ba4 a6 15. Nxc6 Bxc6 16. Qxa6 Ra8 17. Qd3 Bxa4 18. b3 Bc6 19. a4 Rc8 20. Re2 h6 21. Rde1 Bd7 22. Bg3 Bf5 23. Qd2 Nh5 24. Rc1 Nxg3 25. hxg3 Rc6 26. f3 Bf8 27. g4 Bc8 28. Kf2 e6 29. Nb5 Ba6 30. Rh1 Qg5 31. Qd3 Rec8 32. g3 Bxb5 33. axb5 Rc3 34. Qd1 Qe7 35. f4 Qc7 0-1

[Event "Akureyri Icelandic op"]
[Site "Akureyri"]
[Date "2019.05.28"]
[Round "5"]
[White "Helgadottir, Idunn"]
[Black "Einarsson, Oskar Long"]
[Result "0-1"]
[WhiteElo "1105"]
[BlackElo "1696"]
[PlyCount "40"]
[EventDate "2019.05.25"]
[EventType "swiss"]
[EventRounds "9"]
[EventCountry "ISL"]
[SourceTitle "CBM 190 Extra"]
[Source "ChessBase"]
[SourceDate "2019.07.15"]
[SourceVersion "1"]
[SourceVersionDate "2019.07.15"]
[SourceQuality "1"]

1. d4 d5 2. Bf4 Nf6 3. e3 Nbd7 4. Nf3 h6 5. h4 Nh5 6. g4 Nxf4 7. exf4 Nf6 8. Ne5 c6 9. f5 e6 10. Bd3 Bd6 11. f4 Qb6 12. fxe6 Bxe6 13. f5 Qxd4 14. Nf3 Bg3+ 15. Kd2 Qf4+ 16. Kc3 d4+ 17. Kb4 Qd6+ 18. Ka4 b5+ 19. Ka5 Qc7+ 20. Ka6 Bc8# 0-1

[Event "Reykjavik Faxaven op"]
[Site "Reykjavik"]
[Date "2018.05.02"]
[Round "7"]
[White "Einarsson, Oskar Long"]
[Black "Sigurdsson, Johann Helgi"]
[Result "0-1"]
[WhiteElo "1729"]
[BlackElo "1988"]
[PlyCount "82"]
[EventDate "2018.03.21"]
[EventType "swiss"]
[EventRounds "7"]
[EventCountry "ISL"]
[SourceTitle "EXT 2019"]
[Source "ChessBase"]
[SourceDate "2018.10.10"]
[SourceVersion "1"]
[SourceVersionDate "2018.10.10"]
[SourceQuality "1"]

1. e4 Nc6 2. d4 d5 3. e5 f6 4. f4 Nh6 5. Nc3 Bf5 6. a3 e6 7. Nf3 Be7 8. Be2 Be4 9. 0-0 f5 10. b4 0-0 11. Na4 b6 12. h3 Qd7 13. Nb2 a5 14. b5 Bxf3 15. Rxf3 Nxd4 16. Rc3 Bc5 17. Be3 Nxb5 18. Bxb5 Bxe3+ 19. Rxe3 Qxb5 20. Nd3 Nf7 21. g4 fxg4 22. Qxg4 Qd7 23. Kh2 Nh6 24. Qg5 Rf5 25. Qg2 c5 26. Rg3 Raf8 27. Rd1 c4 28. Nf2 Qf7 29. Rg1 g6 30. Rxg6+ hxg6 31. Qxg6+ Qxg6 32. Rxg6+ Kh7 33. Rxe6 Rxf4 34. Nd1 Rg8 35. Rxb6 Nf5 36. Rf6 Rd4 37. Nf2 Ne3 38. c3 Rd2 39. e6 Re2 40. Rf7+ Kh8 41. h4 Rxf2+ 0-1

[Event "Reykjavik Faxaven op"]
[Site "Reykjavik"]
[Date "2018.03.28"]
[Round "2"]
[White "Eliasson, Kristjan Orn"]
[Black "Einarsson, Oskar Long"]
[Result "1-0"]
[WhiteElo "1829"]
[BlackElo "1729"]
[PlyCount "23"]
[EventDate "2018.03.21"]
[EventType "swiss"]
[EventRounds "7"]
[EventCountry "ISL"]
[SourceTitle "EXT 2019"]
[Source "ChessBase"]
[SourceDate "2018.10.10"]
[SourceVersion "1"]
[SourceVersionDate "2018.10.10"]
[SourceQuality "1"]

1. e4 e6 2. Nf3 d5 3. Nc3 Nf6 4. e5 Nfd7 5. d4 Be7 6. Bd3 0-0 7. h4 a6 8. Bxh7+ Kxh7 9. Ng5+ Bxg5 10. hxg5+ Kg8 11. Qh5 f5 12. g6 1-0

[Event "Reykjavik Congress"]
[Site "Reykjavik"]
[Date "2018.02.04"]
[Round "8"]
[White "Thorisson, Benedikt"]
[Black "Einarsson, Oskar Long"]
[Result "1-0"]
[WhiteElo "1143"]
[BlackElo "1785"]
[PlyCount "59"]
[EventDate "2018.01.10"]
[EventType "swiss"]
[EventRounds "9"]
[EventCountry "ISL"]
[SourceTitle "CBM 182 Extra"]
[Source "ChessBase"]
[SourceDate "2018.02.23"]
[SourceVersion "1"]
[SourceVersionDate "2018.02.23"]
[SourceQuality "1"]

1. e4 c5 2. Nf3 d6 3. d4 Nf6 4. Nc3 cxd4 5. Nxd4 a6 6. f3 e6 7. Be3 Be7 8. Qd2 Nc6 9. g4 Qc7 10. 0-0-0 b5 11. h4 Bb7 12. Kb1 Ne5 13. h5 Nfd7 14. Bg5 Nb6 15. h6 g6 16. Be2 Rc8 17. Bxe7 Qxe7 18. a3 Nbc4 19. Bxc4 Nxc4 20. Qd3 0-0 21. f4 Qc7 22. Nde2 Rfd8 23. f5 exf5 24. gxf5 Ne5 25. Qe3 a5 26. Qg5 Nd7 27. Nf4 Bxe4 28. fxg6 fxg6 29. Ne6 Qc4 30. Qe7 1-0

[Event "Reykjavik Congress"]
[Site "Reykjavik"]
[Date "2018.01.31"]
[Round "7"]
[White "Bjarnason, Larus H"]
[Black "Einarsson, Oskar Long"]
[Result "1-0"]
[WhiteElo "1539"]
[BlackElo "1785"]
[PlyCount "135"]
[EventDate "2018.01.10"]
[EventType "swiss"]
[EventRounds "9"]
[EventCountry "ISL"]
[SourceTitle "CBM 182 Extra"]
[Source "ChessBase"]
[SourceDate "2018.02.23"]
[SourceVersion "1"]
[SourceVersionDate "2018.02.23"]
[SourceQuality "1"]

1. e4 e6 2. f4 g6 3. d4 Bg7 4. c3 b6 5. Be3 Bb7 6. Nd2 Ne7 7. Ngf3 0-0 8. Be2 f5 9. Qc2 fxe4 10. Nxe4 Nd5 11. Kd2 Nxf4 12. Bxf4 Rxf4 13. Bd3 Bh6 14. Ke2 d6 15. g3 Rf7 16. h4 Qf8 17. Raf1 Nd7 18. Nfg5 Bxg5 19. Nxg5 Rf6 20. Rxf6 Nxf6 21. Rf1 Qg7 22. Kd1 Re8 23. Qe2 Bc8 24. Bc4 d5 25. Bb5 Re7 26. Qf3 Bd7 27. Bd3 Ne8 28. h5 h6 29. hxg6 hxg5 30. Qh5 g4 31. Qh7+ Qxh7 32. gxh7+ Rxh7 33. Bxh7+ Kg7 34. Bd3 Nf6 35. Rf4 c5 36. Ke1 c4 37. Be2 Kg6 38. Bxg4 a5 39. Bd1 Kg5 40. Rh4 a4 41. Rh8 Be8 42. Kf2 Ne4+ 43. Ke3 Nf6 44. Rh4 b5 45. Rh8 Bd7 46. Rd8 Bc6 47. Rd6 Bd7 48. Bf3 Bc8 49. Bg2 Kg4 50. Rd8 Bd7 51. Kf2 Be8 52. Bf3+ Kg5 53. Rd6 Bf7 54. Rb6 Be8 55. Rb7 Bd7 56. Bg2 Kg4 57. Bf3+ Kg5 58. Ke3 Bc6 59. Re7 Bd7 60. Bg2 Kg4 61. Rg7+ Kh5 62. Bh3 Kh6 63. Rxd7 Nxd7 64. Bxe6 Nf6 65. Kf4 Kg6 66. g4 a3 67. bxa3 Ne4 68. Bf5+ 1-0

[Event "Reykjavik Congress"]
[Site "Reykjavik"]
[Date "2018.01.28"]
[Round "6"]
[White "Einarsson, Oskar Long"]
[Black "Bjornsson, Eirikur K"]
[Result "0-1"]
[WhiteElo "1785"]
[BlackElo "1934"]
[PlyCount "108"]
[EventDate "2018.01.10"]
[EventType "swiss"]
[EventRounds "9"]
[EventCountry "ISL"]
[SourceTitle "CBM 182 Extra"]
[Source "ChessBase"]
[SourceDate "2018.02.23"]
[SourceVersion "1"]
[SourceVersionDate "2018.02.23"]
[SourceQuality "1"]

1. e4 c5 2. Nf3 Nc6 3. d4 cxd4 4. Nxd4 g6 5. Nc3 Bg7 6. Be3 Nf6 7. Bc4 0-0 8. Bb3 Re8 9. 0-0 d6 10. h3 Bd7 11. Re1 Nxd4 12. Bxd4 Bc6 13. f4 e5 14. fxe5 dxe5 15. Bf2 Qa5 16. Qf3 Qc7 17. Rad1 Kh8 18. Bh4 Nxe4 19. Rxe4 f5 20. Rc4 Bxf3 21. Rxc7 Bxd1 22. Nxd1 e4 23. Rxb7 e3 24. Nc3 e2 25. Be1 Rad8 26. Rxg7 Kxg7 27. Kf2 Rd4 28. Nxe2 Rde4 29. Bc3+ Kh6 30. Bd2+ Kg7 31. Nf4 g5 32. Nh5+ Kg6 33. Ng3 R4e7 34. Bb4 Re5 35. Bd6 Re1 36. Bb4 R1e5 37. c4 f4 38. Bc2+ Kf7 39. Bxh7 fxg3+ 40. Kxg3 Re2 41. Bc3 R8e3+ 42. Kh2 Rxc3 43. bxc3 Rxa2 44. Be4 Ra3 45. Bd5+ Kf6 46. Kg3 Rxc3+ 47. Kg4 a5 48. h4 gxh4 49. Kxh4 a4 50. g4 a3 51. c5 Rxc5 52. g5+ Kg7 53. Bb3 Rb5 54. Be6 Rb2 0-1

[Event "Reykjavik Congress"]
[Site "Reykjavik"]
[Date "2018.01.17"]
[Round "3"]
[White "Sigurvaldason, Hjalmar"]
[Black "Einarsson, Oskar Long"]
[Result "1-0"]
[WhiteElo "1491"]
[BlackElo "1785"]
[PlyCount "183"]
[EventDate "2018.01.10"]
[EventType "swiss"]
[EventRounds "9"]
[EventCountry "ISL"]
[SourceTitle "CBM 182 Extra"]
[Source "ChessBase"]
[SourceDate "2018.02.23"]
[SourceVersion "1"]
[SourceVersionDate "2018.02.23"]
[SourceQuality "1"]

1. e4 e6 2. d4 d5 3. exd5 exd5 4. Bd3 Nf6 5. Bg5 h6 6. Bxf6 Qxf6 7. Ne2 Bd6 8. c3 0-0 9. 0-0 Be6 10. Nd2 Nd7 11. Ng3 Rfe8 12. Re1 c5 13. Ndf1 Kh8 14. Bb5 a6 15. Bxd7 Bxd7 16. Rxe8+ Rxe8 17. Ne3 Bc6 18. Qd2 c4 19. Re1 Bf4 20. Qd1 Qg5 21. Nef1 Rd8 22. b3 g6 23. Ne2 Bd6 24. b4 h5 25. g3 h4 26. Qd2 Qh5 27. gxh4 Qxh4 28. Neg3 Kg7 29. Ne3 Rh8 30. Nef5+ gxf5 31. Nxf5+ Kf8 32. Nxh4 Rxh4 33. Qg5 Bxh2+ 34. Kf1 Rh8 35. f4 Ba4 36. Qg4 Bc2 37. Qc8+ Kg7 38. Qxb7 Bxf4 39. Re7 Bd3+ 40. Kg2 Bg6 41. Qxd5 Rh5 42. Qxc4 Rh2+ 43. Kg1 Rh3 44. d5 Bg5 45. Re2 Bf6 46. Rg2 Rxc3 47. Qxa6 Rc1+ 48. Kh2 Be5+ 49. Kh3 Rh1+ 50. Kg4 Be4 51. Rg3 Rh6 52. Qxh6+ Kxh6 53. Re3 f5+ 54. Kh3 Bd4 55. Re1 Bc3 56. Rd1 Bxb4 57. d6 Ba5 58. d7 Bd8 59. Rd6+ Kg7 60. Re6 Bd5 61. Re8 Bc7 62. a3 Kf7 63. d8Q Bxd8 64. Rxd8 Bc6 65. Rd6 Ba4 66. Ra6 Bb5 67. Rb6 Ba4 68. Rb4 Bc2 69. a4 Ke7 70. Rd4 Be4 71. a5 Bb7 72. Kg3 Ke6 73. Kf4 Ba6 74. Rb4 Kd7 75. Rb6 Bd3 76. Rb4 Kc7 77. Rb3 Be4 78. a6 Bd5 79. Rb4 Bh1 80. a7 Bb7 81. Ra4 Ba8 82. Rb4 Bb7 83. Kxf5 Kc6 84. Ke5 Kc7 85. Kd4 Kc6 86. Kc3 Kc7 87. Kb3 Bd5+ 88. Ka4 Bb7 89. Kb5 Bf3 90. Ka6 Be2+ 91. Ka5 Bf3 92. Rb8 1-0

[Event "Reykjavik op"]
[Site "Reykjavik"]
[Date "2016.03.16"]
[Round "10"]
[White "Davidsson, Joshua"]
[Black "Einarsson, Oskar Long"]
[Result "0-1"]
[WhiteElo "1411"]
[BlackElo "1691"]
[PlyCount "86"]
[EventDate "2016.03.08"]
[EventType "swiss"]
[EventRounds "10"]
[EventCountry "ISL"]
[SourceTitle "CBM 171 Extra"]
[Source "ChessBase"]
[SourceDate "2016.04.26"]
[SourceVersion "1"]
[SourceVersionDate "2016.04.26"]
[SourceQuality "1"]

1. e4 c5 2. Nf3 d6 3. d4 Nf6 4. Nc3 cxd4 5. Nxd4 a6 6. Be3 Ng4 7. Qd2 Nxe3 8. Qxe3 g6 9. Bc4 Bg7 10. Nb3 Nc6 11. 0-0 0-0 12. a3 Bd7 13. Rab1 Rc8 14. Bd3 Ne5 15. Nd5 Nxd3 16. cxd3 Rc2 17. Nd4 Rc8 18. Nb3 Ba4 19. Nd2 Bc2 20. Ra1 Bxb2 21. Ra2 Bg7 22. Nb6 Rc6 23. Nbc4 Ba4 24. Nb2 Rc2 25. d4 Bb5 26. Rd1 Qc7 27. f3 Rc8 28. a4 Bxa4 29. Rxa4 Rxb2 30. Rc4 Rxd2 31. Rxc7 Rxd1+ 32. Kf2 Rxc7 33. Qb3 Rxd4 34. Qb6 Rdc4 35. Kg3 R4c6 36. Qb4 Bc3 37. Qb3 b5 38. Qd5 b4 39. f4 Be1+ 40. Kg4 h5+ 41. Kf3 Rc2 42. e5 R7c3+ 43. Ke4 Re2+ 0-1

[Event "Reykjavik op"]
[Site "Reykjavik"]
[Date "2016.03.14"]
[Round "8"]
[White "Lemery, Jon Thor"]
[Black "Einarsson, Oskar Long"]
[Result "1-0"]
[WhiteElo "1495"]
[BlackElo "1691"]
[PlyCount "85"]
[EventDate "2016.03.08"]
[EventType "swiss"]
[EventRounds "10"]
[EventCountry "ISL"]
[SourceTitle "CBM 171 Extra"]
[Source "ChessBase"]
[SourceDate "2016.04.26"]
[SourceVersion "1"]
[SourceVersionDate "2016.04.26"]
[SourceQuality "1"]

1. e4 e6 2. d3 d5 3. Nd2 Nc6 4. g3 Nf6 5. Bg2 Be7 6. Ngf3 dxe4 7. dxe4 0-0 8. 0-0 h6 9. Re1 Bc5 10. h3 a6 11. e5 Nd5 12. Ne4 Ba7 13. b3 b5 14. Bb2 Bb7 15. g4 Nf4 16. Qc1 Nxg2 17. Kxg2 Nd4 18. Bxd4 Bxd4 19. c3 Bb6 20. Qf4 Bxe4 21. Qxe4 Qe7 22. h4 Rae8 23. g5 h5 24. Rg1 g6 25. Rae1 Qc5 26. Re3 Rd8 27. Nd4 Qa3 28. Re2 Rd5 29. Nxe6 fxe6 30. Qxg6+ Kh8 31. Qh6+ Kg8 32. Qxe6+ Kg7 33. Qxd5 Rf4 34. Qd7+ Kf8 35. Qd8+ Kg7 36. g6 Rg4+ 37. Kh2 Rxg1 38. Qf6+ Kh6 39. g7+ Rg6 40. Qxg6+ Kxg6 41. g8Q+ Kf5 42. Qf7+ Kg4 43. Re4# 1-0

[Event "Reykjavik op"]
[Site "Reykjavik"]
[Date "2016.03.09"]
[Round "2"]
[White "Hansen, Lars Henrik Bech"]
[Black "Einarsson, Oskar Long"]
[Result "1-0"]
[WhiteElo "1970"]
[BlackElo "1691"]
[PlyCount "37"]
[EventDate "2016.03.08"]
[EventType "swiss"]
[EventRounds "10"]
[EventCountry "ISL"]
[SourceTitle "CBM 171 Extra"]
[Source "ChessBase"]
[SourceDate "2016.04.26"]
[SourceVersion "1"]
[SourceVersionDate "2016.04.26"]
[SourceQuality "1"]

1. e4 c5 2. Nf3 d6 3. d4 Nf6 4. Nc3 cxd4 5. Nxd4 a6 6. Be3 Ng4 7. Bc1 Nc6 8. Be2 Qb6 9. Bxg4 Bxg4 10. Qxg4 Qxd4 11. 0-0 g6 12. Nd5 Ne5 13. Qh3 Qc5 14. Be3 Qc6 15. f4 Nc4 16. Bd4 f6 17. Bxf6 exf6 18. Qe6+ Kd8 19. Qxf6+ 1-0

[Event "NATO-ch 26th"]
[Site "Amsterdam"]
[Date "2015.07.08"]
[Round "4.52"]
[White "Muzas, Kestutis"]
[Black "Einarsson, Oskar Long"]
[Result "1-0"]
[WhiteElo "1557"]
[BlackElo "1679"]
[PlyCount "59"]
[EventDate "2015.07.06"]
[EventType "swiss"]
[EventRounds "7"]
[EventCountry "NED"]
[SourceTitle "EXT 2016"]
[Source "ChessBase"]
[SourceDate "2015.10.08"]
[SourceVersion "1"]
[SourceVersionDate "2015.10.08"]
[SourceQuality "1"]
[WhiteTeam "Lithuania"]
[BlackTeam "NATO II"]
[WhiteTeamCountry "LTU"]

1. d4 Nf6 2. c4 g6 3. Nc3 d5 4. cxd5 Nxd5 5. e4 Nxc3 6. bxc3 Bg7 7. Nf3 c5 8. Be3 0-0 9. Bc4 Nc6 10. 0-0 Bg4 11. Rb1 cxd4 12. cxd4 Qd7 13. Bb5 a6 14. Bxc6 Qxc6 15. Ne5 Bxe5 16. Qxg4 Bg7 17. d5 Qa4 18. Rxb7 Rfe8 19. Qf3 Be5 20. Rd1 Rab8 21. Rxb8 Rxb8 22. Bc5 Rb7 23. g3 Qxa2 24. d6 exd6 25. Bxd6 Bxd6 26. Rxd6 Qa1+ 27. Kg2 a5 28. e5 a4 29. Ra6 Re7 30. Ra8+ 1-0

[Event "NATO-ch 26th"]
[Site "Amsterdam"]
[Date "2015.07.07"]
[Round "2.46"]
[White "Dumins, Edgars"]
[Black "Einarsson, Oskar Long"]
[Result "1-0"]
[WhiteElo "1850"]
[BlackElo "1679"]
[PlyCount "63"]
[EventDate "2015.07.06"]
[EventType "swiss"]
[EventRounds "7"]
[EventCountry "NED"]
[SourceTitle "EXT 2016"]
[Source "ChessBase"]
[SourceDate "2015.10.08"]
[SourceVersion "1"]
[SourceVersionDate "2015.10.08"]
[SourceQuality "1"]
[WhiteTeam "Latvia"]
[BlackTeam "Iceland"]
[WhiteTeamCountry "LAT"]
[BlackTeamCountry "ISL"]

1. d4 Nf6 2. c4 g6 3. Nc3 d5 4. e3 Bg7 5. Nf3 0-0 6. Bd3 a6 7. 0-0 Nc6 8. cxd5 Nxd5 9. a3 b5 10. e4 Nb6 11. d5 Na5 12. Rb1 Nac4 13. Nd2 Nxa3 14. Ra1 Nac4 15. Nxc4 bxc4 16. Bc2 e6 17. dxe6 Bxe6 18. Bf4 Qe7 19. Qf3 h5 20. Qe3 c5 21. Rfd1 Bd4 22. Qg3 Rfe8 23. Be3 Qf6 24. Bxd4 cxd4 25. e5 Qd8 26. Ne4 Re7 27. Nf6+ Kh8 28. Qg5 Qf8 29. Rxd4 Nd7 30. Nxh5 Bf5 31. Bxf5 gxf5 32. Rh4 1-0

[Event "Reykjavik op"]
[Site "Reykjavik"]
[Date "2015.03.12"]
[Round "4"]
[White "Chadwick, Susan E"]
[Black "Einarsson, Oskar Long"]
[Result "0-1"]
[WhiteElo "1370"]
[BlackElo "1574"]
[PlyCount "118"]
[EventDate "2015.03.10"]
[EventType "swiss"]
[EventRounds "10"]
[EventCountry "ISL"]
[SourceTitle "CBM 165 Extra"]
[Source "ChessBase"]
[SourceDate "2015.04.21"]
[SourceVersion "1"]
[SourceVersionDate "2015.04.21"]
[SourceQuality "1"]

1. d4 Nf6 2. Nf3 g6 3. c4 d5 4. Nc3 Bg7 5. Bf4 c6 6. e3 0-0 7. Bd3 Re8 8. 0-0 Nbd7 9. cxd5 Nxd5 10. Bg3 Nxc3 11. bxc3 e5 12. dxe5 Nxe5 13. Nxe5 Bxe5 14. Bxe5 Rxe5 15. Be2 Qe7 16. Qb3 Be6 17. Qb2 Ra5 18. Rfd1 b6 19. Bf3 Rc8 20. Rd4 Qa3 21. Qd2 Kg7 22. Rd6 c5 23. Bd5 Bxd5 24. Rxd5 Re8 25. g3 Re6 26. Rd7 Rb5 27. Rd1 Rb2 28. Qd5 Qxa2 29. Qxa2 Rxa2 30. R1d2 Rxd2 31. Rxd2 Re7 32. Kf1 b5 33. Ke1 b4 34. cxb4 cxb4 35. Rd5 Rb7 36. Kd2 b3 37. Kc1 b2+ 38. Kb1 Kf6 39. f4 Ke6 40. e4 h5 41. Rd2 a5 42. Rd4 Rb5 43. Rd2 Rb4 44. Rxb2 Rxe4 45. Rb6+ Kf5 46. Rb5+ Kg4 47. Rxa5 Re1+ 48. Kc2 Re2+ 49. Kd3 Rxh2 50. Rg5+ Kf3 51. Kd4 Rg2 52. Re5 Rxg3 53. Re7 f5 54. Ke5 h4 55. Rh7 h3 56. Rh6 Kg2 57. Kf6 h2 58. Rxg6 h1Q 59. Kxf5 Qh7 0-1

[Event "Reykjavik op"]
[Site "Reykjavik"]
[Date "2015.03.10"]
[Round "1"]
[White "Einarsson, Oskar Long"]
[Black "Olafsson, Thorvadur F"]
[Result "0-1"]
[WhiteElo "1574"]
[BlackElo "2230"]
[PlyCount "65"]
[EventDate "2015.03.10"]
[EventType "swiss"]
[EventRounds "10"]
[EventCountry "ISL"]
[SourceTitle "CBM 165 Extra"]
[Source "ChessBase"]
[SourceDate "2015.04.21"]
[SourceVersion "1"]
[SourceVersionDate "2015.04.21"]
[SourceQuality "1"]

1. e4 c5 2. Nf3 e6 3. d4 cxd4 4. Nxd4 Nc6 5. Be2 Qc7 6. Nc3 a6 7. a3 Nf6 8. 0-0 Bd6 9. h3 b5 10. Kh1 Nxd4 11. Qxd4 Be5 12. Qb4 a5 13. Qb3 Bxc3 14. bxc3 Nxe4 15. Bxb5 Qxc3 16. Be3 0-0 17. Qa4 Bb7 18. Bd4 Qd2 19. Be3 Qd5 20. f3 Nc3 21. Qg4 f5 22. Qh4 Qxb5 23. Qg3 f4 24. Bxf4 Ne2 25. Qf2 Nxf4 26. Rab1 Qc6 27. Rb6 Qc7 28. Rfb1 Bc6 29. Qc5 Ne2 30. Rb7 Qg3 31. R7b3 Rxf3 32. Qxc6 dxc6 33. Rxf3 0-1

[Event "ISL-ch sf"]
[Site "Kopavogur"]
[Date "2014.05.24"]
[Round "2"]
[White "Einarsson, Oskar Long"]
[Black "Bragason, Gudmundur Agnar"]
[Result "1-0"]
[WhiteElo "1620"]
[BlackElo "1346"]
[PlyCount "55"]
[EventDate "2014.05.23"]
[EventType "swiss"]
[EventRounds "9"]
[EventCountry "ISL"]
[SourceTitle "CBM 160 Extra"]
[Source "ChessBase"]
[SourceDate "2014.07.01"]
[SourceVersion "1"]
[SourceVersionDate "2014.07.01"]
[SourceQuality "1"]

1. e4 e5 2. Nf3 Bc5 3. Nxe5 Qe7 4. d4 d6 5. dxc5 Qxe5 6. Nc3 Qxc5 7. Be3 Qe5 8. Bd3 Nf6 9. f3 Bd7 10. 0-0 Nc6 11. Qd2 h6 12. Rfe1 g5 13. Nd5 0-0-0 14. c4 b6 15. b4 Rhe8 16. b5 Nb8 17. Bf1 Nxd5 18. cxd5 f5 19. Bd4 Qe7 20. Qc3 Rf8 21. Rac1 Be8 22. exf5 Qf7 23. f6 c5 24. dxc6 Kc7 25. Re7+ Kc8 26. Rxf7 Rxf7 27. c7 Kd7 28. cxd8R+ 1-0

[Event "Reykjavik op"]
[Site "Reykjavik"]
[Date "2014.03.12"]
[Round "10"]
[White "Einarsson, Oskar Long"]
[Black "Raddatz, Michael"]
[Result "0-1"]
[WhiteElo "1599"]
[BlackElo "2044"]
[PlyCount "120"]
[EventDate "2014.03.04"]
[EventType "swiss"]
[EventRounds "10"]
[EventCountry "ISL"]
[SourceTitle "CBM 159 Extra"]
[Source "ChessBase"]
[SourceDate "2014.04.24"]
[SourceVersion "1"]
[SourceVersionDate "2014.04.24"]
[SourceQuality "1"]

1. e4 c5 2. Nf3 d6 3. d4 cxd4 4. Nxd4 Nf6 5. Nc3 g6 6. Bc4 Bg7 7. 0-0 0-0 8. Bb3 Nbd7 9. Nd5 Nc5 10. Nxf6+ Bxf6 11. Bh6 Nxb3 12. axb3 Re8 13. Re1 Qb6 14. c3 Bd7 15. Be3 Qc7 16. Bh6 a6 17. b4 Qc4 18. Be3 Rac8 19. Qb3 Qc7 20. Qd1 Red8 21. Qf3 Bg7 22. Qg3 e5 23. Nf5 Bxf5 24. exf5 gxf5 25. Bg5 f6 26. Bxf6 Rf8 27. Qxg7+ Qxg7 28. Bxg7 Kxg7 29. Red1 Rfd8 30. Rd5 Kf6 31. Rad1 Ke6 32. f3 b6 33. Kf2 Ra8 34. R1d2 a5 35. Rb5 axb4 36. Rxb4 Rdb8 37. Rb5 Ra5 38. Rb4 Rd5 39. Re2 Rd3 40. Rh4 Rb7 41. Rh6+ Kd5 42. Re3 Rd1 43. Re1 Rxe1 44. Kxe1 b5 45. b3 Ra7 46. c4+ bxc4 47. bxc4+ Kc5 48. g4 f4 49. h4 Kd4 50. Rxd6+ Ke3 51. Rd5 Ra1+ 52. Rd1 Ra2 53. Rd5 e4 54. fxe4 f3 55. Kd1 f2 56. Rf5 Rd2+ 57. Kc1 Rd4 58. c5 Rxe4 59. Kd1 Rd4+ 60. Kc1 Rf4 0-1